[Event "Menorca op 3rd"]
[Site "Ciutadella de Menorca"]
[Date "2024.04.06"]
[Round "8"]
[White "Pranav, Anand"]
[Black "Nihal, Sarin"]
[Result "1-0"]
[WhiteElo "2519"]
[BlackElo "2698"]
[PlyCount "197"]
[EventDate "2024.04.02"]
[EventType "swiss"]
[EventRounds "9"]
[EventCountry "ESP"]
[SourceTitle "CB15_2024"]
[SourceDate "2024.04.10"]
[SourceVersion "1"]
[SourceVersionDate "2024.04.10"]
[SourceQuality "1"]

1. e4 e5 2. Nf3 Nc6 3. Bb5 a6 4. Ba4 Nf6 5. 0-0 Be7 6. Re1 b5 7. Bb3 0-0 8. a4 Rb8 9. axb5 axb5 10. c3 d6 11. h3 b4 12. d4 bxc3 13. bxc3 exd4 14. Nxd4 Bb7 15. Nf5 Ne5 16. Bc2 Re8 17. Bg5 h6 18. Bh4 Ng6 19. Bg3 Nd7 20. Nxe7+ Qxe7 21. Nd2 Qf6 22. Re3 Nc5 23. Qe1 Re7 24. Qe2 Bc6 25. Re1 Rbe8 26. Qh5 Qg5 27. Qd1 Qf6 28. Qh5 Re6 29. Bb1 R6e7 30. Bc2 Qg5 31. Qd1 h5 32. Nf3 Qh6 33. Qd4 h4 34. Bh2 f6 35. Bxd6 Ne6 36. Qc4 cxd6 37. Qxc6 Nef4 38. Bb3+ Kh7 39. Bf7 Rd8 40. Bxg6+ Nxg6 41. Qd5 Rc7 42. Rd1 Rc5 43. Qxc5 dxc5 44. Rxd8 Nf4 45. Kh2 c4 46. Rd4 Ne6 47. Rxc4 Qf4+ 48. Kg1 Nd8 49. Rc5 Ne6 50. Rh5+ Kg8 51. Rxh4 Qb8 52. e5 f5 53. Rb4 Qa7 54. Nd4 Nf4 55. Nxf5 Nd5 56. Rbe4 Nxe3 57. Rxe3 Qf7 58. Nd4 Qd5 59. e6 Kf8 60. e7+ Ke8 61. h4 g6 62. g3 Qa5 63. Nf3 Qd5 64. Kg2 Qc6 65. Kg1 Qd5 66. Nd4 Qb7 67. Re6 Qb1+ 68. Kh2 Qf1 69. Re2 Qb1 70. Kg2 Qb7+ 71. Nf3 Qc6 72. Re3 Qd5 73. g4 Qd7 74. Ne5 Qd1 75. c4 Qc2 76. Kg3 Kxe7 77. Nxg6+ Kf6 78. Ne5 Kg7 79. g5 Qc1 80. Kg2 Qd1 81. Re4 Kh7 82. Nf3 Qc2 83. Rg4 Kg6 84. Kg3 Qf5 85. Rf4 Qc5 86. Rf6+ Kg7 87. Rf4 Kg6 88. Nd2 Qd6 89. Ne4 Qd3+ 90. f3 Qxc4 91. h5+ Kg7 92. h6+ Kg6 93. Rf6+ Kh7 94. Rd6 Qc7 95. Kh4 Qb8 96. Kh5 Kh8 97. g6 Qe8 98. Ng5 Kg8 99. Rd8 1-0

[Event "Fagernes op"]
[Site "Fagernes"]
[Date "2024.03.27"]
[Round "4"]
[White "Mihajlov, Sebastian"]
[Black "Pranav, Anand"]
[Result "0-1"]
[WhiteElo "2373"]
[BlackElo "2519"]
[PlyCount "78"]
[EventDate "2024.03.24"]
[EventType "swiss"]
[EventRounds "9"]
[EventCountry "NOR"]
[SourceTitle "CB14_2024"]
[SourceDate "2024.04.01"]
[SourceVersion "1"]
[SourceVersionDate "2024.04.01"]
[SourceQuality "1"]

1. e4 c5 2. Nf3 d6 3. d4 cxd4 4. Nxd4 Nf6 5. Nc3 a6 6. Bc4 e6 7. Bb3 Nbd7 8. f4 Qc7 9. f5 Nc5 10. Qf3 Be7 11. g4 h5 12. g5 Ng4 13. Bd2 Nxb3 14. axb3 Qc5 15. Nce2 Bd7 16. b4 Qb6 17. h3 Ne5 18. Qb3 Rc8 19. g6 fxg6 20. 0-0-0 exf5 21. exf5 gxf5 22. Rhg1 g6 23. Be3 Qc7 24. Nf4 Qc4 25. Nxg6 Qxb3 26. Nxb3 Nxg6 27. Rxg6 Kf7 28. Rg2 Rhg8 29. Rxg8 Rxg8 30. Bf4 Bc6 31. Bxd6 Bf3 32. Rf1 Bg2 33. Rd1 Bxd6 34. Rxd6 Bxh3 35. Nc5 Bg4 36. Kd2 Re8 37. Nxb7 Kg7 38. Rd4 h4 39. Nd6 Rh8 0-1

[Event "Titled Tuesday intern op 06th Feb Early"]
[Site "Chess.com INT"]
[Date "2024.02.06"]
[Round "8"]
[White "Banh, Gia Huy"]
[Black "Pranav, Anand"]
[Result "0-1"]
[WhiteElo "2390"]
[BlackElo "2519"]
[PlyCount "70"]
[EventDate "2024.02.06"]
[EventType "swiss (blitz)"]
[EventRounds "11"]
[EventCountry "USA"]
[SourceTitle "CB07_2024"]
[SourceDate "2024.02.14"]
[SourceVersion "1"]
[SourceVersionDate "2024.02.14"]
[SourceQuality "1"]

1. d4 d5 2. Nf3 e6 3. Bf4 Nf6 4. e3 Bd6 5. Nbd2 c5 6. c3 0-0 7. Bd3 Qc7 8. Be5 Nbd7 9. Bxd6 Qxd6 10. e4 dxe4 11. Nxe4 Nxe4 12. Bxe4 Nf6 13. Bc2 b6 14. dxc5 Qxc5 15. Qd4 Qc7 16. Qe5 Qe7 17. 0-0-0 Bb7 18. h4 Rac8 19. Nd4 Rc5 20. Qe3 Qc7 21. f3 b5 22. h5 h6 23. g4 b4 24. cxb4 Rc4 25. Kb1 e5 26. Nb5 Qc6 27. Nd6 Rxb4 28. Nxb7 Qxb7 29. Qxe5 Rb8 30. Bb3 a5 31. g5 Rb5 32. Qd6 Rxg5 33. Rhe1 Qb4 34. Qc7 Rf8 35. Rd8 Qxe1+ 0-1

[Event "Titled Tuesday intern op 06th Feb Early"]
[Site "Chess.com INT"]
[Date "2024.02.06"]
[Round "7"]
[White "Pranav, Anand"]
[Black "Duda, Jan Krzysztof"]
[Result "0-1"]
[WhiteElo "2519"]
[BlackElo "2732"]
[PlyCount "174"]
[EventDate "2024.02.06"]
[EventType "swiss (blitz)"]
[EventRounds "11"]
[EventCountry "USA"]
[SourceTitle "CB07_2024"]
[SourceDate "2024.02.14"]
[SourceVersion "1"]
[SourceVersionDate "2024.02.14"]
[SourceQuality "1"]

1. d4 Nf6 2. c4 g6 3. Nc3 d5 4. Nf3 Bg7 5. h4 c6 6. cxd5 cxd5 7. Bf4 0-0 8. e3 Nc6 9. Be2 Ne4 10. Nxe4 dxe4 11. Nd2 e5 12. dxe5 Nxe5 13. Nxe4 Bf5 14. Qxd8 Rfxd8 15. Nc3 Nd3+ 16. Bxd3 Bxd3 17. f3 b5 18. a3 a5 19. Kf2 b4 20. axb4 axb4 21. Rxa8 Rxa8 22. Nd5 b3 23. Nb4 Bc2 24. Rc1 Bxb2 25. Rxc2 bxc2 26. Nxc2 Bc3 27. Kg3 Ra2 28. Nd4 Bxd4 29. exd4 Ra5 30. Be5 Kf8 31. Bd6+ Kg7 32. Be5+ f6 33. Bf4 Kf7 34. Kg4 Ra2 35. Kg3 Ke6 36. Be3 Re2 37. Bg1 f5 38. Kh3 f4 39. Bh2 Kf5 40. g4+ fxg3 41. Bxg3 Re3 42. Kg2 Ke6 43. Be5 Ra3 44. Kg3 Kf5 45. Kg2 Ra8 46. Kg3 Rf8 47. Kg2 Ke6 48. Kg3 Rf5 49. Kg4 Kd5 50. Kg3 Kc4 51. f4 Kd5 52. Kf3 Rf7 53. Kg4 Ke4 54. h5 gxh5+ 55. Kxh5 Kf5 56. d5 Rd7 57. d6 Ra7 58. Kh6 Rb7 59. Bg7 Kxf4 60. Kxh7 Kf5 61. Kh6 Ke6 62. Bc3 Kxd6 63. Kg5 Kd5 64. Kf4 Rf7+ 65. Kg3 Rh7 66. Kg2 Ke4 67. Ba5 Rh6 68. Bb4 Rc6 69. Be1 Kf4 70. Bd2+ Ke4 71. Be1 Rc1 72. Bf2 Kf4 73. Bg1 Rc2+ 74. Kh1 Kg3 75. Ba7 Rh2+ 76. Kg1 Re2 77. Kh1 Kf3 78. Bb6 Rb2 79. Ba7 Kg3 80. Bd4 Rd2 81. Bg1 Rd3 82. Bb6 Rd5 83. Bc7+ Kf2 84. Bb8 Rh5+ 85. Bh2 Rg5 86. Bf4 Rg1+ 87. Kh2 Rg4 0-1

[Event "Chessable Masters Play In"]
[Site "Chess.com INT"]
[Date "2024.01.31"]
[Round "7"]
[White "Pranav, Anand"]
[Black "Cuenca Jimenez, Jose Fernando"]
[Result "1-0"]
[WhiteElo "2513"]
[BlackElo "2514"]
[PlyCount "97"]
[EventDate "2024.01.31"]
[EventType "swiss (rapid)"]
[EventRounds "9"]
[EventCountry "USA"]
[SourceTitle "CB06_2024"]
[SourceDate "2024.02.07"]
[SourceVersion "1"]
[SourceVersionDate "2024.02.07"]
[SourceQuality "1"]

1. e4 e5 2. Nf3 Nc6 3. Bb5 a6 4. Ba4 Nf6 5. 0-0 Be7 6. d3 b5 7. Bb3 d6 8. c3 0-0 9. Bc2 Nb8 10. a4 Bb7 11. h3 Nbd7 12. Re1 c5 13. Nbd2 Qc7 14. Nf1 c4 15. d4 Rfe8 16. Ng3 g6 17. Bh6 Bf8 18. Qd2 Bg7 19. h4 Bxh6 20. Qxh6 Ng4 21. Qg5 Ndf6 22. h5 h6 23. Qd2 Kh7 24. Nh4 Ng8 25. f3 N4f6 26. f4 Qe7 27. Nf3 Ng4 28. Rf1 N8f6 29. hxg6+ fxg6 30. Rae1 Rad8 31. f5 g5 32. Qc1 Rh8 33. Qa1 Qc7 34. Qa3 Rhg8 35. Qb4 Bc6 36. axb5 axb5 37. b3 cxb3 38. Bxb3 h5 39. Bxg8+ Rxg8 40. Nh2 Nxh2 41. Kxh2 h4 42. Nh1 Bxe4 43. dxe5 dxe5 44. Rxe4 g4 45. Rfe1 g3+ 46. Kh3 Rg5 47. Rxh4+ Kg7 48. Nxg3 e4 49. Re3 1-0

[Event "Chessable Masters Play In"]
[Site "Chess.com INT"]
[Date "2024.01.31"]
[Round "4"]
[White "Pranav, Anand"]
[Black "Petrosyan, Manuel"]
[Result "0-1"]
[WhiteElo "2513"]
[BlackElo "2627"]
[PlyCount "194"]
[EventDate "2024.01.31"]
[EventType "swiss (rapid)"]
[EventRounds "9"]
[EventCountry "USA"]
[SourceTitle "CB06_2024"]
[SourceDate "2024.02.07"]
[SourceVersion "1"]
[SourceVersionDate "2024.02.07"]
[SourceQuality "1"]

1. e4 e5 2. Nf3 Nc6 3. Bb5 a6 4. Ba4 Nf6 5. 0-0 Be7 6. d3 b5 7. Bb3 d6 8. c3 0-0 9. h3 Bb7 10. Re1 Na5 11. Bc2 c5 12. Nbd2 Nc6 13. Nf1 Re8 14. Bg5 h6 15. Bxf6 Bxf6 16. Ne3 Ne7 17. a4 g6 18. Bb3 h5 19. Qe2 d5 20. Red1 Qd6 21. Nd2 d4 22. Nc2 Kg7 23. axb5 axb5 24. Rxa8 Rxa8 25. Na3 Rxa3 26. bxa3 dxc3 27. Nf3 c4 28. dxc4 Qxa3 29. Rb1 b4 30. c5 Qa6 31. Qe3 Bc8 32. Ne1 Nc6 33. Nc2 Qb5 34. Rd1 Nd4 35. Nxd4 exd4 36. Rxd4 Qxc5 37. e5 Bxe5 38. Rd7 Qxe3 39. Rxf7+ Kh6 40. fxe3 Bf5 41. Re7 Bf6 42. Rc7 Be5 43. Rc5 Bd6 44. Rc6 Bg3 45. Rc4 Bd3 46. Rc6 Kg7 47. Rb6 Kh6 48. Rc6 h4 49. Rc5 Kg7 50. e4 Bxe4 51. Kf1 Bd3+ 52. Kg1 Kf6 53. Rc6+ Ke5 54. Rb6 Be1 55. Rxb4 c2 56. Bxc2 Bxc2 57. Rb5+ Kf6 58. Rc5 Bf5 59. Rc1 Bg3 60. Rc6+ Ke5 61. Rc4 Be4 62. Ra4 g5 63. Rb4 Kf5 64. Rb3 Be5 65. Ra3 Bd4+ 66. Kh2 Be5+ 67. Kg1 Kf4 68. Rb3 Bd4+ 69. Kh2 Bd5 70. Rd3 Ke4 71. Ra3 Be5+ 72. Kg1 Kf5 73. Kh1 Be4 74. Rb3 Bc2 75. Ra3 Ke4 76. Kg1 Bd3 77. Ra5 Bf4 78. Ra4+ Ke3 79. Ra3 Ke2 80. Ra2+ Bd2 81. Rb2 Bc4 82. Rc2 Bd5 83. Rb2 Bf7 84. Rc2 Ke1 85. Rc7 Be3+ 86. Kh1 Bd5 87. Rc2 Be4 88. Rb2 Kf1 89. Ra2 Bc5 90. Ra1+ Kf2 91. Ra2+ Kg3 92. Rb2 Be3 93. Re2 Kf4 94. Ra2 Bd5 95. Rb2 Kg3 96. Rc2 g4 97. Rc3 Bxg2# 0-1

[Event "Chessable Masters Play In"]
[Site "Chess.com INT"]
[Date "2024.01.31"]
[Round "3"]
[White "Smirnov, Pavel"]
[Black "Pranav, Anand"]
[Result "1-0"]
[WhiteElo "2526"]
[BlackElo "2513"]
[PlyCount "45"]
[EventDate "2024.01.31"]
[EventType "swiss (rapid)"]
[EventRounds "9"]
[EventCountry "USA"]
[SourceTitle "CB06_2024"]
[SourceDate "2024.02.07"]
[SourceVersion "1"]
[SourceVersionDate "2024.02.07"]
[SourceQuality "1"]

1. d4 Nf6 2. c4 e6 3. g3 c5 4. Nf3 cxd4 5. Nxd4 Nc6 6. Bg2 Bb4+ 7. Bd2 Bc5 8. Nb3 Be7 9. Nc3 0-0 10. Bf4 d6 11. 0-0 a6 12. Qd2 Ne5 13. c5 Nc4 14. Qd4 d5 15. e4 Nxb2 16. exd5 exd5 17. Nxd5 Nxd5 18. Bxd5 Bh3 19. Rfe1 Na4 20. Rad1 Qd7 21. c6 bxc6 22. Qxa4 Rad8 23. Bxf7+ 1-0

[Event "Bangalore op 1st"]
[Site "Bangalore"]
[Date "2024.01.20"]
[Round "4"]
[White "Sammed Jaykumar, Shete"]
[Black "Pranav, Anand"]
[Result "0-1"]
[WhiteElo "2441"]
[BlackElo "2513"]
[PlyCount "92"]
[EventDate "2024.01.18"]
[EventType "swiss"]
[EventRounds "10"]
[EventCountry "IND"]
[SourceTitle "CB05_2024"]
[SourceDate "2024.01.31"]
[SourceVersion "1"]
[SourceVersionDate "2024.01.31"]
[SourceQuality "1"]

1. c4 e6 2. g3 d5 3. Bg2 Nf6 4. Nf3 d4 5. e3 c5 6. exd4 cxd4 7. 0-0 Nc6 8. d3 h6 9. Bf4 Nd7 10. Na3 Bc5 11. Nb5 0-0 12. Bd6 Bxd6 13. Nxd6 Nc5 14. Nxc8 Rxc8 15. Re1 Qc7 16. a3 a5 17. b3 Rfe8 18. Rb1 Na6 19. Re2 Qd6 20. Ra2 Rb8 21. Qd2 b5 22. cxb5 Rxb5 23. Rc2 Ne7 24. Qc1 Reb8 25. Nd2 e5 26. Nc4 Qd8 27. Qe1 f6 28. Rd1 Kh8 29. f4 exf4 30. Re2 Nd5 31. Re6 Nac7 32. Rd6 Qf8 33. Rc6 Re8 34. Qd2 fxg3 35. hxg3 Rxb3 36. Be4 Nc3 37. Rxc7 Nxe4 38. dxe4 Rxg3+ 39. Kh2 Rg4 40. Qxd4 Rgxe4 41. Qd7 Qg8 42. Qc6 Qh7 43. Rg1 Qf5 44. Rgxg7 Rh4+ 45. Kg1 Re1+ 46. Kg2 Re2+ 0-1

[Event "Bangalore op 1st"]
[Site "Bangalore"]
[Date "2024.01.18"]
[Round "1"]
[White "Pranav, Anand"]
[Black "Sudarshan, Bhat"]
[Result "1-0"]
[WhiteElo "2513"]
[BlackElo "2120"]
[PlyCount "151"]
[EventDate "2024.01.18"]
[EventType "swiss"]
[EventRounds "10"]
[EventCountry "IND"]
[SourceTitle "CB05_2024"]
[SourceDate "2024.01.31"]
[SourceVersion "1"]
[SourceVersionDate "2024.01.31"]
[SourceQuality "1"]

1. e4 c5 2. Nf3 Nc6 3. Bb5 e5 4. 0-0 Bd6 5. c3 a6 6. Ba4 b5 7. Bb3 Nge7 8. d3 0-0 9. Be3 Ng6 10. Nbd2 h6 11. Re1 Re8 12. a4 Rb8 13. Bd5 Qc7 14. axb5 axb5 15. h4 Be7 16. Qb3 Nd8 17. h5 Nf8 18. Ra2 d6 19. Rea1 Nfe6 20. Nf1 Qb6 21. Bd2 Nc7 22. Ne3 Be6 23. c4 b4 24. Qa4 Kf8 25. g4 Bg5 26. Nxg5 hxg5 27. Qd1 Bc8 28. Nf5 Bxf5 29. gxf5 Nxd5 30. Ra6 Qc7 31. cxd5 Qe7 32. Ra7 Rb7 33. Rxb7 Nxb7 34. Ra7 Rb8 35. f6 gxf6 36. Qg4 Kg7 37. Kg2 Kh6 38. Qf5 Kg7 39. Kg3 Kh6 40. Qf3 Kg7 41. Qg4 Kh6 42. b3 Kg7 43. Kh2 Kh6 44. Kg2 Kg7 45. Kf1 Kh6 46. Ke2 Qd8 47. Qf5 Qe7 48. f3 Kg7 49. Be3 Kh6 50. Ra6 Kg7 51. Ra7 Kh6 52. Qg4 Rd8 53. Qf5 Rb8 54. Ra1 Rh8 55. Bd2 Kg7 56. Qg4 Kh6 57. Kf2 Rd8 58. Qf5 Rg8 59. Ke2 Rd8 60. Ra7 Rb8 61. Kf2 Kg7 62. Be3 Kh6 63. Ra6 Rd8 64. Rb6 Rd7 65. Kg3 Qd8 66. Ra6 Qe7 67. Ra7 Kg7 68. Kh3 Kh6 69. Kg3 Kg7 70. h6+ Kh8 71. Kg4 Rc7 72. Ra8+ Nd8 73. Kg3 Rd7 74. Ra1 Nb7 75. h7 Qf8 76. Qxd7 1-0

[Event "Sant Boi de Llobregat op 4th"]
[Site "Sant Boi de Llobregat"]
[Date "2023.12.03"]
[Round "4"]
[White "Ootes, Lars"]
[Black "Pranav, Anand"]
[Result "0-1"]
[WhiteElo "2391"]
[BlackElo "2520"]
[PlyCount "68"]
[EventDate "2023.11.30"]
[EventType "swiss"]
[EventRounds "9"]
[EventCountry "ESP"]
[SourceTitle "CB50_2023"]
[SourceDate "2023.12.13"]
[SourceVersion "1"]
[SourceVersionDate "2023.12.13"]
[SourceQuality "1"]

1. e4 c5 2. Nf3 d6 3. d4 cxd4 4. Nxd4 Nf6 5. Nc3 a6 6. Bg5 Nbd7 7. Bc4 Qb6 8. Bb3 e6 9. Qd2 Be7 10. 0-0-0 Nc5 11. Rhe1 h6 12. Bh4 0-0 13. g3 Qc7 14. f4 Re8 15. g4 Nfxe4 16. Nxe4 Bxh4 17. Re2 Be7 18. g5 Nxe4 19. Rxe4 d5 20. Re2 Bd6 21. Rf1 hxg5 22. fxg5 Bd7 23. g6 Re7 24. Qg5 fxg6 25. Bxd5 Rf8 26. Rxf8+ Kxf8 27. Rf2+ Rf7 28. Rxf7+ Kxf7 29. Bxe6+ Bxe6 30. Nxe6 Kxe6 31. Qxg6+ Kd5 32. Qg2+ Kc5 33. Qf2+ Kc6 34. c4 Qe7 0-1

[Event "Wch U20 60th"]
[Site "Mexico City"]
[Date "2023.09.30"]
[Round "10"]
[White "Pranav, Anand"]
[Black "Niemann, Hans Moke"]
[Result "0-1"]
[WhiteElo "2509"]
[BlackElo "2667"]
[PlyCount "124"]
[EventDate "2023.09.21"]
[EventType "swiss"]
[EventRounds "11"]
[EventCountry "MEX"]
[SourceTitle "EXT 2024"]
[Source "ChessBase"]
[SourceDate "2023.10.10"]
[SourceVersion "1"]
[SourceVersionDate "2023.10.10"]
[SourceQuality "1"]

1. e4 e6 2. d4 d5 3. Nc3 Nf6 4. e5 Nfd7 5. f4 c5 6. Nf3 Nc6 7. Be3 a6 8. Qd2 b5 9. h4 Bb7 10. h5 h6 11. a3 Qa5 12. Rd1 b4 13. axb4 Qxb4 14. Be2 cxd4 15. Nxd4 Bc5 16. Nb3 Bb6 17. 0-0 0-0 18. Bxb6 Qxb6+ 19. Kh2 a5 20. Na4 Qc7 21. Rf3 Rae8 22. Nac5 Nxc5 23. Nxc5 Nxe5 24. fxe5 Qxc5 25. Rg3 Qc7 26. Qe3 f5 27. Rd4 Kh7 28. Bd3 Re7 29. Rf3 Kh8 30. c3 Ref7 31. Qf4 Qb6 32. Rf2 Ba6 33. Bb1 Bc4 34. Qg3 Qb8 35. Rdd2 Rb7 36. Qf4 a4 37. Bc2 Rxb2 38. Bxa4 Rxd2 39. Rxd2 Qa7 40. Bd1 Qa3 41. Qd4 Qe7 42. Rf2 Qg5 43. Qf4 Bd3 44. Qxg5 hxg5 45. Ba4 f4 46. Bd7 Bf5 47. g4 Bxg4 48. Rg2 Bf5 49. Rxg5 Kh7 50. Kg1 Kh6 51. Rg2 Rb8 52. Bxe6 Rb1+ 53. Kh2 Bxe6 54. Rg6+ Kxh5 55. Rxe6 g5 56. Rd6 Kg4 57. Rxd5 Rb2+ 58. Kg1 Kg3 59. Rd1 f3 60. e6 Rg2+ 61. Kf1 Rh2 62. Ke1 Rh1+ 0-1

[Event "Wch U20 60th"]
[Site "Mexico City"]
[Date "2023.09.25"]
[Round "5"]
[White "Makarian, Rudik"]
[Black "Pranav, Anand"]
[Result "1/2-1/2"]
[WhiteElo "2548"]
[BlackElo "2509"]
[PlyCount "148"]
[EventDate "2023.09.21"]
[EventType "swiss"]
[EventRounds "11"]
[EventCountry "MEX"]
[SourceTitle "EXT 2024"]
[Source "ChessBase"]
[SourceDate "2023.10.10"]
[SourceVersion "1"]
[SourceVersionDate "2023.10.10"]
[SourceQuality "1"]

1. e4 c5 2. Nf3 d6 3. d4 cxd4 4. Qxd4 Nf6 5. Nc3 Nc6 6. Bb5 Bd7 7. Bxc6 Bxc6 8. Bg5 e6 9. 0-0-0 Be7 10. Qd3 Qa5 11. h4 h6 12. Bd2 Qa6 13. Qxa6 bxa6 14. Rde1 e5 15. Nh2 Bd8 16. f3 Bb6 17. Nf1 Kd7 18. h5 Ke6 19. Ne3 Rac8 20. Nf5 Rhg8 21. g4 d5 22. exd5+ Nxd5 23. Ne4 Rcd8 24. Rh2 Ne7 25. Rhe2 Nxf5 26. gxf5+ Kxf5 27. Ng3+ Ke6 28. Rxe5+ Kd7 29. Re7+ Kc8 30. Nf5 Bxf3 31. Bf4 Bxh5 32. c4 g5 33. Bg3 Rg6 34. Rxf7 Re6 35. Rxe6 Bxf7 36. Rxh6 Kd7 37. b3 a5 38. Kb2 Bc5 39. Bd6 Bg1 40. Rh1 Ke6 41. Rxg1 Kxf5 42. Bc5 a6 43. a4 g4 44. Kc3 Rh8 45. Rf1+ Kg6 46. Bd6 Rh3+ 47. Kb2 Rf3 48. Re1 Rf2+ 49. Ka3 Rf3 50. Kb2 Rf2+ 51. Kc3 Rf3+ 52. Kc2 g3 53. Rg1 Rf2+ 54. Kd3 Rf3+ 55. Kc2 Rf2+ 56. Kc3 Rf3+ 57. Kb2 Rf2+ 58. Ka3 g2 59. Bc5 Re2 60. Bb6 Kf5 61. Bxa5 Re3 62. Kb4 Rg3 63. Bb6 Ke4 64. a5 Kd3 65. Bf2 Rg4 66. Re1 Bxc4 67. Re3+ Kd2 68. bxc4 Rf4 69. Bg1 Rf1 70. Rg3 Rxg1 71. Kc5 Ke2 72. Rg6 Kf3 73. Rf6+ Ke3 74. Rg6 Kf3 1/2-1/2

[Event "Abu Dhabi op 29th"]
[Site "Abu Dhabi"]
[Date "2023.08.21"]
[Round "6"]
[White "Pranav, Anand"]
[Black "Tarhan, Adar"]
[Result "0-1"]
[WhiteElo "2529"]
[BlackElo "2388"]
[PlyCount "124"]
[EventDate "2023.08.16"]
[EventType "swiss"]
[EventRounds "9"]
[EventCountry "UAE"]
[SourceTitle "EXT 2024"]
[Source "ChessBase"]
[SourceDate "2023.10.10"]
[SourceVersion "1"]
[SourceVersionDate "2023.10.10"]
[SourceQuality "1"]

1. d4 Nf6 2. c4 g6 3. Nc3 d5 4. Nf3 Bg7 5. h4 0-0 6. h5 c5 7. hxg6 hxg6 8. Bh6 Bxh6 9. Rxh6 dxc4 10. d5 e6 11. d6 Nc6 12. Qd2 Kg7 13. Rh4 Rh8 14. Rxc4 b6 15. g4 Nd5 16. e4 Nxc3 17. Rxc3 Bb7 18. 0-0-0 Nb4 19. Re3 Nxa2+ 20. Kb1 Nb4 21. g5 Rh1 22. b3 Kg8 23. d7 Nc6 24. Ree1 Qc7 25. Kb2 Rd8 26. Qd6 Qxd6 27. Rxd6 Kf8 28. Rd2 Ke7 29. Red1 Nb8 30. Ne5 Bxe4 31. f3 Bb7 32. f4 Nc6 33. Ng4 Rh4 34. Nf6 Nb4 35. Bc4 Rxf4 36. Ng8+ Kf8 37. Nf6 Rf5 38. Bxe6 fxe6 39. Rh2 Rxf6 40. gxf6 Kg8 41. Rg1 Be4 42. Rh4 Nd3+ 43. Kc3 Nf2 44. f7+ Kxf7 45. Rf1 Bf5 46. Rxf2 Rxd7 47. Rh7+ Ke8 48. Rfh2 g5 49. Rh8+ Kf7 50. Rd2 Re7 51. Rdd8 Kf6 52. Kd2 Ke5 53. Ke3 Bc2 54. Rh5 Rg7 55. Rd2 Bxb3 56. Rg2 Bd5 57. Rgxg5+ Rxg5 58. Rxg5+ Kd6 59. Rg7 a5 60. Kd3 Kc6 61. Ra7 Kb5 62. Kc3 a4 0-1

[Event "Abu Dhabi op 29th"]
[Site "Abu Dhabi"]
[Date "2023.08.19"]
[Round "4"]
[White "Nazari, Arad"]
[Black "Pranav, Anand"]
[Result "1/2-1/2"]
[WhiteElo "2358"]
[BlackElo "2529"]
[PlyCount "116"]
[EventDate "2023.08.16"]
[EventType "swiss"]
[EventRounds "9"]
[EventCountry "UAE"]
[SourceTitle "EXT 2024"]
[Source "ChessBase"]
[SourceDate "2023.10.10"]
[SourceVersion "1"]
[SourceVersionDate "2023.10.10"]
[SourceQuality "1"]

1. e4 c5 2. Nf3 e6 3. d4 cxd4 4. Nxd4 Nc6 5. Nc3 Nf6 6. Nxc6 bxc6 7. e5 Nd5 8. Ne4 Qc7 9. f4 Rb8 10. c4 Bb4+ 11. Kf2 0-0 12. a3 Be7 13. cxd5 cxd5 14. Nd6 f6 15. Nxc8 Bc5+ 16. Kg3 fxe5 17. b4 exf4+ 18. Kh3 Qe5 19. bxc5 Rb3+ 20. g3 f3 21. Ne7+ Kh8 22. g4 Qxa1 23. Qxb3 Qxc1 24. Qb4 a5 25. Qd4 Qg5 26. Nxd5 exd5 27. Kg3 Qc1 28. Bg2 Qxa3 29. Ra1 Qb3 30. Bf1 f2+ 31. Qd3 Qb4 32. h3 d4 33. Rd1 Qb8+ 34. Kg2 Qa8+ 35. Kh2 Rf4 36. Qg3 Qf8 37. Kg2 a4 38. Rd2 Qa8+ 39. Kh2 Rf3 40. Qe5 d3 41. Rxd3 Rxd3 42. Bxd3 a3 43. Qf5 Qg8 44. Qxf2 a2 45. Qb2 h6 46. Be4 Qf8 47. Kg3 Qe8 48. Kf3 Qg8 49. Ke3 h5 50. gxh5 Qf8 51. Qxa2 Qxc5+ 52. Kf3 Qxh5+ 53. Kg2 Qg5+ 54. Kh1 Qc1+ 55. Kg2 Qg5+ 56. Kf3 Qh5+ 57. Kg3 Qe5+ 58. Kf3 Qh5+ 1/2-1/2

[Event "Abu Dhabi op 29th"]
[Site "Abu Dhabi"]
[Date "2023.08.18"]
[Round "3"]
[White "Pranav, Anand"]
[Black "Panesar, Vedant"]
[Result "0-1"]
[WhiteElo "2529"]
[BlackElo "2391"]
[PlyCount "86"]
[EventDate "2023.08.16"]
[EventType "swiss"]
[EventRounds "9"]
[EventCountry "UAE"]
[SourceTitle "EXT 2024"]
[Source "ChessBase"]
[SourceDate "2023.10.10"]
[SourceVersion "1"]
[SourceVersionDate "2023.10.10"]
[SourceQuality "1"]

1. d4 Nf6 2. c4 e6 3. Nc3 Bb4 4. e3 0-0 5. Bd3 c5 6. a3 Bxc3+ 7. bxc3 Nc6 8. Ne2 b6 9. e4 Ne8 10. 0-0 Ba6 11. f4 f5 12. exf5 exf5 13. dxc5 bxc5 14. Be3 d6 15. Ng3 g6 16. Re1 Nf6 17. Nf1 Qd7 18. Bf2 Rae8 19. Ne3 Ne7 20. Bh4 Bb7 21. Ra2 Ne4 22. Qb3 Bc6 23. Rae2 Qb7 24. Qc2 Nc8 25. Nd5 Nb6 26. Rb1 Bxd5 27. cxd5 Qxd5 28. Bb5 Re6 29. c4 Qa8 30. Ba6 Qe8 31. Qd3 h6 32. a4 g5 33. fxg5 hxg5 34. Be1 g4 35. a5 Nd7 36. Qd5 Ndf6 37. Qxf5 Re5 38. Qf4 Qg6 39. Qc1 Nh5 40. Bb7 Qf5 41. Bh4 Nf4 42. Re3 Nc3 43. Rb2 Rxe3 0-1

[Event "Abu Dhabi op 29th"]
[Site "Abu Dhabi"]
[Date "2023.08.16"]
[Round "1"]
[White "Divya, Deshmukh"]
[Black "Pranav, Anand"]
[Result "1-0"]
[WhiteElo "2372"]
[BlackElo "2529"]
[PlyCount "95"]
[EventDate "2023.08.16"]
[EventType "swiss"]
[EventRounds "9"]
[EventCountry "UAE"]
[SourceTitle "EXT 2024"]
[Source "ChessBase"]
[SourceDate "2023.10.10"]
[SourceVersion "1"]
[SourceVersionDate "2023.10.10"]
[SourceQuality "1"]

1. e4 c5 2. Nf3 Nc6 3. d4 cxd4 4. Nxd4 Nf6 5. Nc3 d6 6. Bc4 e6 7. Be3 Bd7 8. Qe2 a6 9. Bb3 Na5 10. f4 h5 11. e5 dxe5 12. fxe5 Ng4 13. Bf4 Nxb3 14. axb3 Bc5 15. 0-0-0 Qb6 16. h3 Nh6 17. Be3 Qa5 18. Qxh5 Bb4 19. Nde2 0-0-0 20. Bxh6 gxh6 21. Qxf7 Qxe5 22. Kb1 Rhf8 23. Qg6 Bc6 24. Qg4 Rxd1+ 25. Rxd1 Bc5 26. Nc1 Qf5 27. Qe2 Kb8 28. g4 Qg5 29. Ne4 Bxe4 30. Qxe4 Qe7 31. Nd3 Bd6 32. Ne5 Bxe5 33. Qxe5+ Ka8 34. Rd6 Re8 35. Qd4 Qf7 36. h4 Qf1+ 37. Ka2 Qe1 38. Rd8+ Rxd8 39. Qxd8+ Ka7 40. Qd4+ Ka8 41. Qh8+ Ka7 42. Qxh6 e5 43. c3 e4 44. g5 e3 45. g6 Qf2 46. g7 e2 47. g8Q e1Q 48. Qd6 1-0

[Event "Titled Tuesday intern op 08th Aug Early"]
[Site "Chess.com INT"]
[Date "2023.08.08"]
[Round "11"]
[White "Pranav, Anand"]
[Black "Alekseev, Evgeny V"]
[Result "0-1"]
[WhiteElo "2529"]
[BlackElo "2573"]
[PlyCount "95"]
[EventDate "2023.08.08"]
[EventType "swiss (blitz)"]
[EventRounds "11"]
[EventCountry "USA"]
[SourceTitle "EXT 2024"]
[Source "ChessBase"]
[SourceDate "2023.10.10"]
[SourceVersion "1"]
[SourceVersionDate "2023.10.10"]
[SourceQuality "1"]

1. Nf3 c5 2. e4 e6 3. g3 Nc6 4. Bg2 Nf6 5. Qe2 e5 6. 0-0 Be7 7. Na3 0-0 8. Nc4 d6 9. a4 Re8 10. h3 Bf8 11. d3 h6 12. c3 Be6 13. Rd1 g6 14. Bd2 Bg7 15. b4 b6 16. bxc5 bxc5 17. Rdb1 Qc7 18. Ne1 Rab8 19. Nc2 d5 20. exd5 Nxd5 21. N2e3 Nde7 22. Rb5 Qd7 23. Rxc5 Rbd8 24. Rb1 Bxh3 25. Be4 Be6 26. Qf3 Rc8 27. Nd5 f5 28. Nxe7+ Nxe7 29. Rxc8 Rxc8 30. Bb7 Rd8 31. Na5 e4 32. Qe2 Qxd3 33. Qxd3 Rxd3 34. Be3 Bxc3 35. Nc6 Nxc6 36. Bxc6 Bd4 37. Bxh6 Rxg3+ 38. Kh2 Rf3 39. Rb8+ Kf7 40. Rb7+ Kg8 41. Be8 Rxf2+ 42. Kg3 f4+ 43. Bxf4 Rf3+ 44. Kh4 Rxf4+ 45. Kg5 Rf8 46. Bxg6 Be3+ 47. Kh4 Bf5 48. Rc7 0-1